000 00395nam a22001337a 4500
008 250327b |||||||| |||| 00| 0 eng d
020 _a9782494062
050 _aPL8003
_b.I87
100 _aNIL
245 _aIssues in African Language and Linguistics Essays in Horon of Kay Williamson
260 _aAgbor
_bNational Institute for Nigerian Language Aba
_c1995
300 _avii, 397p.
942 _cBK
999 _c2756
_d2756